书目信息 |
| 题名: |
尝试教学全书
|
|
| 作者: | 邱学华 主编 | |
| 分册: | ||
| 出版信息: | 北京 北京工业大学出版社 2000 |
|
| 页数: | 10,765页 | |
| 开本: | 26cm | |
| 丛书名: | ||
| 单 册: | ||
| 中图分类: | G426 | |
| 科图分类: | ||
| 主题词: | 教学理论--文集 , 教学法--文集 | |
| 电子资源: | ||
| ISBN: | 7-5639-0882-X | |
| 000 | 00853nam0 2200241 45 | |
| 001 | 012000034261 | |
| 005 | 20061112142612.65 | |
| 010 | @a7-5639-0882-X@b精装@dCNY98 | |
| 100 | @a20000805d2000 em y0chiy0120 ea | |
| 101 | 0 | @achi |
| 102 | @aCN@b110000 | |
| 105 | @af z 000yd | |
| 200 | 1 | @a尝试教学全书@9chang shi jiao xue quan shu@f邱学华主编 |
| 210 | @a北京@c北京工业大学出版社@d2000 | |
| 215 | @a10,765页@c彩照@d26cm | |
| 314 | @a邱学华(1935~),江苏常州人,特级教师,常州市教育科学研究所研究员。主编有《尝试教学全书》等。 | |
| 330 | @a本书分理论篇、研究篇、实验篇、教学篇、评价篇、资料篇六大部分收录了邱学华、朱永新、苏春景等人的多篇讨论教学理论和教学法的文章。 | |
| 606 | @a教学理论@x文集 | |
| 606 | @a教学法@x文集 | |
| 690 | @aG426@v4 | |
| 701 | 0 | @a邱学华@9qiu xue hua@4主编 |
| 801 | 0 | @aCN@bNLC@c20061112 |
| 905 | @a10447@dG426@e143 | |
| 尝试教学全书/邱学华主编.-北京:北京工业大学出版社,2000 |
| 10,765页:彩照;26cm |
| ISBN 7-5639-0882-X(精装):CNY98 |
| 本书分理论篇、研究篇、实验篇、教学篇、评价篇、资料篇六大部分收录了邱学华、朱永新、苏春景等人的多篇讨论教学理论和教学法的文章。 |
| ● |
| 相关链接 |
|
|
|
|
正题名:尝试教学全书
索取号:G426/143
 
预约/预借
| 序号 | 登录号 | 条形码 | 馆藏地/架位号 | 状态 | 备注 |
| 1 | 0384299 | 203842994 | 第一样本阅览室/ [索取号:G426/143] | 在馆 | |
| 2 | 0384300 | 203843001 | 第四借阅区/ [索取号:G426/143] | 在馆 | |
| 3 | 0384301 | 203843010 | 第四借阅区/ [索取号:G426/143] | 在馆 |